Statistics for European Countries by Land Area - In Order

Click here to take the quiz!

General Stats

  • This quiz has been taken 111 times
  • The average score is 33 of 46

Answer Stats

AreaAnswer% Correct
3,969,100 km2Russia
100%
551,695 km2France
99%
603,628 km2Ukraine
98%
498,511 km2Spain
97%
450,295 km2Sweden
92%
357,386 km2Germany
89%
385,178 km2Norway
89%
312,685 km2Poland
86%
242,495 km2United Kingdom
86%
338,145 km2Finland
85%
301,338 km2Italy
84%
207,600 km2Belarus
80%
238,397 km2Romania
80%
110,994 km2Bulgaria
78%
131,940 km2Greece
78%
93,030 km2Hungary
73%
83,858 km2Austria
72%
102,775 km2Iceland
72%
88,416 km2Portugal
72%
0.49 km2Vatican City
72%
2 km2Monaco
70%
78,866 km2Czech Republic
69%
160 km2Liechtenstein
69%
468 km2Andorra
68%
316 km2Malta
68%
61 km2San Marino
68%
77,474 km2Serbia
68%
70,273 km2Ireland
67%
2,586 km2Luxembourg
67%
56,594 km2Croatia
64%
64,589 km2Latvia
64%
51,129 km2Bosnia and Herzegovina
63%
65,300 km2Lithuania
63%
45,339 km2Estonia
61%
10,887 km2Kosovo
61%
49,036 km2Slovakia
61%
44,493 km2Denmark
59%
41,290 km2Switzerland
59%
30,510 km2Belgium
58%
13,812 km2Montenegro
58%
41,198 km2Netherlands
58%
20,273 km2Slovenia
58%
28,748 km2Albania
57%
25,713 km2North Macedonia
56%
33,846 km2Moldova
53%
23,764 km2Turkey
38%

Score Distribution

Percentile by Number Answered

Percent of People with Each Score

Your Score History

You have not taken this quiz